McMinn's functional & clinical anatomy: (Record no. 34765)
[ view plain ]
| 000 -LEADER | |
|---|---|
| fixed length control field | 00467nam a22001817a 4500 |
| 005 - DATE AND TIME OF LATEST TRANSACTION | |
| control field | 20231205125007.0 |
| 008 - FIXED-LENGTH DATA ELEMENTS--GENERAL INFORMATION | |
| fixed length control field | 231205b |||||||| |||| 00| 0 eng d |
| 020 ## - INTERNATIONAL STANDARD BOOK NUMBER | |
| ISBN | 0723409676 |
| 082 ## - DEWEY DECIMAL CLASSIFICATION NUMBER | |
| Classification number | 611.9 |
| Item number | MCM |
| 100 ## - MAIN ENTRY--AUTHOR | |
| Author Name | McMinn, Robert. M. H. |
| 245 ## - TITLE STATEMENT | |
| Title | McMinn's functional & clinical anatomy: |
| Statement of responsibility, etc. | McMinn, R. M. H. |
| 260 ## - PUBLICATION, DISTRIBUTION, ETC. | |
| Place of Publication | Spain |
| Name of publisher, distributor, etc. | Mosby |
| Date of publication, distribution, etc. | 1995 |
| 300 ## - PHYSICAL DESCRIPTION | |
| Pages | 362 |
| 500 ## - GENERAL NOTE | |
| General note | Index Given. |
| 650 ## - SUBJECT ADDED ENTRY--TOPICAL TERM | |
| Subject / Department | Medical |
| 700 ## - ADDED ENTRY--PERSONAL NAME | |
| Personal name | Penelope Gaddum-Rose |
| 952 ## - LOCATION AND ITEM INFORMATION (KOHA) | |
| -- | 0 |
| -- | 0 |
| Lost status | Damaged status | Collection code | Permanent Location | Current Location | Shelving Location | Date acquired | Full Call Number | Accession No./Barcode | Date last seen | item type | Koha item type |
|---|---|---|---|---|---|---|---|---|---|---|---|
| Medical | Superior Information Resource Center (SIRC) Superior University- Main Campus | Superior Information Resource Center (SIRC) Superior University- Main Campus | medical | 12/05/2023 | 611.9 MCM-M 1995 | 29013 | 12/05/2023 | BOOK | BOOK |
